[Event "SC Buer-Hassel 1 - SC Rochade Rüttensch"]
[Site "Verbandsklasse, Gruppe 3 2017"]
[Date "2018.04.29"]
[Round "9.7"]
[White "Seibert, Adalbert"]
[Black "Strohmann, Andreas"]
[Result "0-1"]
[WhiteElo "1614"]
[BlackElo "1865"]
[PlyCount "82"]
[EventDate "2018.??.??"]

1. b3 d6 2. Bb2 e5 3. c4 f5 4. g3 Nf6 5. Bg2 Be7 6. Nc3 c6 7. e3 O-O 8. Nge2
Nbd7 9. O-O Qe8 10. d4 e4 11. Nf4 Nb6 12. a4 g5 13. Nfe2 Qg6 14. a5 Nbd7 15. b4
h5 16. f3 d5 17. cxd5 Nxd5 18. Qb3 Qe6 19. fxe4 fxe4 20. Bxe4 N7f6 21. Nxd5
cxd5 22. Rxf6 Qxf6 23. Bxd5+ Kg7 24. Qc2 Bh3 25. Nf4 gxf4 26. exf4 Rac8 27. Qd2
Bf5 28. Bxb7 Rc2 29. Qe3 Rxb2 30. Rc1 Rb1 31. Rxb1 Bxb1 32. a6 Bxb4 33. d5 Ba5
34. Kg2 Bb6 35. Qe1 Bg6 36. Bc6 Rf7 37. Bb7 Re7 38. Qb4 Be4+ 39. Kf1 Qa1+ 40.
Ke2 Qa2+ 41. Ke1 Qf2+ 0-1

[Event "SC Buer-Hassel 1 - SC Rochade Rüttensch"]
[Site "Verbandsklasse, Gruppe 3 2017"]
[Date "2018.04.29"]
[Round "9.8"]
[White "Lazarev, Vadim"]
[Black "Kiparski, Manuel"]
[Result "1-0"]
[WhiteElo "1759"]
[BlackElo "1765"]
[PlyCount "83"]
[EventDate "2018.??.??"]

1. e4 c5 2. Nc3 d6 3. g3 Nf6 4. Bg2 Nc6 5. Nge2 e6 6. O-O Be7 7. d4 cxd4 8.
Nxd4 e5 9. Nf5 O-O 10. Kh1 Rb8 11. f4 Bxf5 12. exf5 Nd4 13. Ne2 Nxe2 14. Qxe2
e4 15. Bxe4 Nxe4 16. Qxe4 d5 17. Qd4 Qc8 18. Qd3 d4 19. Bd2 Qc6+ 20. Kg1 Rbc8
21. Rac1 Bf6 22. Rfe1 Qb6 23. b4 h6 24. b5 Rfd8 25. Kg2 Rd5 26. c4 dxc3 27.
Qxd5 Rd8 28. Be3 Rxd5 29. Bxb6 axb6 30. a4 Rd4 31. Re8+ Kh7 32. Ra8 Rd2+ 33.
Kh3 Rd5 34. Rc8 Rxf5 35. R1xc3 Bxc3 36. Rxc3 Rc5 37. Rxc5 bxc5 38. Kg4 Kg6 39.
a5 c4 40. Kf3 Kf5 41. a6 c3 42. Ke3 1-0

[Event "SV Unser Fritz 1 - SC Listiger Bauer Es"]
[Site "Verbandsklasse, Gruppe 3 2017"]
[Date "2018.04.29"]
[Round "9.1"]
[White "Fink, Norbert"]
[Black "Singbeil, Holger"]
[Result "1-0"]
[WhiteElo "2037"]
[BlackElo "1952"]
[PlyCount "73"]
[EventDate "2018.??.??"]

1. b4 e5 2. Bb2 Nf6 3. Bxe5 Nc6 4. Bb2 Bxb4 5. e3 d5 6. Nf3 O-O 7. Be2 Bg4 8.
O-O Qe7 9. c4 Rad8 10. cxd5 Nxd5 11. Nd4 Bxe2 12. Nxc6 Bxd1 13. Nxe7+ Bxe7 14.
Rxd1 Nb4 15. Ba3 Rd3 16. Nc3 c5 17. Rac1 Rfd8 18. Bxb4 cxb4 19. Nb1 a5 20. Rc7
Bd6 21. Rxb7 a4 22. Ra7 a3 23. Rc1 g6 24. f4 Rb8 25. Kf2 b3 26. axb3 Rdxb3 27.
Nc3 Rb2 28. Ne4 Rd8 29. Kf3 Bb8 30. Rxa3 f5 31. Ng5 Rbxd2 32. Rb1 R2d7 33. Ra8
Bd6 34. Rxd8+ Rxd8 35. Rb7 Bc5 36. Nxh7 Rd6 37. Ng5 1-0

[Event "SV Unser Fritz 1 - SC Listiger Bauer Es"]
[Site "Verbandsklasse, Gruppe 3 2017"]
[Date "2018.04.29"]
[Round "9.2"]
[White "Jungbluth, Michael"]
[Black "Klups, Christoph"]
[Result "0-1"]
[WhiteElo "1861"]
[BlackElo "1958"]
[PlyCount "166"]
[EventDate "2018.??.??"]

1. d4 Nf6 2. c4 e6 3. g3 d5 4. Bg2 c6 5. Nc3 Nbd7 6. Qc2 Nb6 7. cxd5 Nbxd5 8.
Nf3 Bd6 9. O-O h5 10. Bg5 Qc7 11. e4 Nxc3 12. bxc3 Nh7 13. Be3 e5 14. dxe5 Be7
15. Nd4 h4 16. e6 fxe6 17. Qb3 Nf8 18. e5 a6 19. Qc2 c5 20. Nf3 Bd7 21. Ng5 Rh5
22. Ne4 O-O-O 23. Qe2 Rh7 24. Nd6+ Bxd6 25. exd6 Qxd6 26. Bf4 e5 27. Bxe5 Qe6
28. Rab1 Bc6 29. Rb6 Rd5 30. Rxc6+ bxc6 31. Qxa6+ Kd8 32. Qb6+ Ke8 33. Qb8+ Rd8
34. Qb1 g6 35. Bc7 Rxc7 36. Re1 Qxe1+ 37. Qxe1+ Re7 38. Bxc6+ Kf7 39. Qf1 Kg7
40. Qc4 h3 41. Qf1 Rd2 42. Qxh3 Re1+ 43. Kg2 Ree2 44. Qh4 Rxf2+ 45. Kg1 Rfe2
46. Kf1 Nh7 47. Qf4 Rxh2 48. Qc7+ Kh6 49. Bf3 Ng5 50. Qxc5 Rd8 51. Qe7 Rb8 52.
Bb7 Rxa2 53. Qb4 Rd8 54. Qh4+ Kg7 55. Bf3 Ra1+ 56. Kf2 Rd2+ 57. Ke3 Re1+ 58.
Kf4 Nf7 59. Kg4 Rf2 60. Bb7 Nh6+ 61. Kh3 Nf5 62. Qc4 Re3 63. Qc7+ Kh6 64. c4
Rxg3+ 65. Qxg3 Nxg3 66. Kxg3 Rc2 67. Bd5 Kg5 68. Kf3 Kf6 69. Kg4 Rd2 70. Kf4
Rd4+ 71. Ke3 Ke5 72. Kf3 g5 73. Kg3 Kf5 74. Kf3 g4+ 75. Kg3 Rd3+ 76. Kf2 g3+
77. Kg2 Kf4 78. Kg1 Rc3 79. Kg2 Rc1 80. Kh3 Rc2 81. Bg2 Rxc4 82. Bb7 Rc2 83.
Bg2 Rd2 0-1

[Event "SV Unser Fritz 1 - SC Listiger Bauer Es"]
[Site "Verbandsklasse, Gruppe 3 2017"]
[Date "2018.04.29"]
[Round "9.3"]
[White "Kunisch, Siegfried"]
[Black "Mikulski, Georg"]
[Result "1-0"]
[WhiteElo "2019"]
[BlackElo "1903"]
[PlyCount "107"]
[EventDate "2018.??.??"]

1. e4 e5 2. Nf3 Nc6 3. Bc4 Nf6 4. Ng5 d5 5. exd5 Na5 6. Bb5+ c6 7. dxc6 bxc6 8.
Be2 h6 9. Nh3 Bd6 10. d3 Rb8 11. Nc3 O-O 12. Bf3 Nd5 13. Bd2 Rxb2 14. Nxd5 cxd5
15. Bxd5 Rb8 16. O-O Bc7 17. c4 Bd7 18. Qh5 Qf6 19. f4 Bxh3 20. Qxh3 exf4 21.
Rac1 Nb7 22. Bc3 Be5 23. Bxe5 Qxe5 24. Qf3 Qd4+ 25. Qf2 Qxf2+ 26. Rxf2 Nc5 27.
Rd1 g5 28. d4 Na4 29. Rc1 Rfd8 30. Rd2 Nb6 31. Bc6 Rbc8 32. Bb5 Kg7 33. Rdd1
Kf6 34. Kf2 Rc7 35. h3 Kf5 36. c5 Nd5 37. Re1 Ne3 38. Rxe3 fxe3+ 39. Kxe3 Re7+
40. Kd3 Rc7 41. Rf1+ Kg6 42. Kc4 f5 43. d5 a6 44. Ba4 Kf6 45. Re1 Re7 46. Rxe7
Kxe7 47. Kd4 Rc8 48. d6+ Ke6 49. Bb3+ Kd7 50. Kd5 Rf8 51. c6+ Kc8 52. c7 f4 53.
Kc6 Rf6 54. Bc4 1-0

[Event "SV Unser Fritz 1 - SC Listiger Bauer Es"]
[Site "Verbandsklasse, Gruppe 3 2017"]
[Date "2018.04.29"]
[Round "9.4"]
[White "Distelrath, Oliver"]
[Black "Wagner, Ole"]
[Result "1-0"]
[WhiteElo "1855"]
[BlackElo "1904"]
[Annotator "Daniel"]
[PlyCount "135"]
[EventDate "2018.??.??"]

1. e4 e5 2. Nf3 Nc6 3. Bc4 Bc5 4. c3 Qe7 5. O-O d6 6. d4 Bb6 7. d5 Nd8 8. Bg5
f6 9. Be3 Bd7 10. Bxb6 axb6 11. Nbd2 g5 12. Qe2 h5 13. Rfd1 Nf7 14. Bb5 Bxb5
15. Qxb5+ Qd7 16. Qd3 $11 Ne7 17. Nf1 Ng6 18. g3 h4 19. N3d2 O-O-O 20. a4 Qh3
21. Qf3 hxg3 22. fxg3 Rdg8 23. Qf5+ Qxf5 24. exf5 Ne7 25. Ne3 g4 26. Ne4 Ng5
27. Nxf6 Nf3+ 28. Kf1 Rf8 29. Nfxg4 Nxf5 30. Nxf5 Rxf5 31. Kg2 e4 32. h3 Rg5
33. Nh2 Rhg8 34. g4 Nh4+ 35. Kg3 Rh8 36. a5 bxa5 37. Rxa5 Kd7 38. Rf1 Rg7 39.
Raa1 Rgh7 40. Rh1 Re7 41. Rae1 e3 42. Rhf1 e2 43. Rf2 Re3+ 44. Nf3 Nxf3 45.
Rxf3 Rxh3+ 46. Kxh3 Rxf3+ 47. Kg2 Rd3 48. Rxe2 Rxd5 49. Kf3 Rg5 50. Kf4 Rg8 51.
g5 Rf8+ 52. Kg4 Rg8 53. Kf5 Rf8+ 54. Kg6 d5 55. Kg7 Rf1 56. g6 c5 57. Kg8 Kd6
58. g7 d4 59. cxd4 cxd4 60. Re8 b5 61. Re4 Kd5 62. Rg4 Ra1 63. Kf7 Ra7+ 64. Kf6
Rxg7 65. Rxg7 d3 66. Kf5 b4 67. Kf4 Kd4 68. Rg2 1-0

[Event "SV Unser Fritz 1 - SC Listiger Bauer Es"]
[Site "Verbandsklasse, Gruppe 3 2017"]
[Date "2018.04.29"]
[Round "9.5"]
[White "Ball, Joerg"]
[Black "Goessling, Juergen"]
[Result "1-0"]
[WhiteElo "1892"]
[BlackElo "1723"]
[PlyCount "141"]
[EventDate "2018.??.??"]

1. e4 Nf6 2. e5 Nd5 3. d4 d6 4. Nf3 Bg4 5. Be2 e6 6. O-O Nc6 7. exd6 Bxd6 8. h3
Bh5 9. c3 a6 10. Ne5 Bxe2 11. Qxe2 Nxe5 12. dxe5 Bc5 13. Rd1 Qh4 14. Nd2 Nf4
15. Qf3 Rd8 16. b4 Rd3 17. bxc5 Rxf3 18. Nxf3 Ne2+ 19. Kh2 Qxf2 20. Bg5 O-O 21.
Rd2 Qg3+ 22. Kh1 Nxc3 23. Rd4 h5 24. Rb4 Nd5 25. Rxb7 Qf2 26. Rb3 f6 27. exf6
gxf6 28. Bh4 Qxc5 29. Rd1 a5 30. Nd4 Kf7 31. Rf3 a4 32. Bf2 Qc4 33. a3 c5 34.
Nc6 Ke8 35. Rb1 Kd7 36. Ne5+ fxe5 37. Rxf8 Nf4 38. Rf7+ Kc6 39. Rg7 Qe4 40. Re1
Qd5 41. Kh2 Qd2 42. Bh4 Nd3 43. Re4 Qc2 44. Rg3 c4 45. Rg8 Kd5 46. Re3 Kd4 47.
Rf3 Qe2 48. Bf6 c3 49. Rd8+ Ke4 50. Rdxd3 Qxd3 51. Rxd3 Kxd3 52. Bxe5 c2 53.
Bf4 e5 54. Bc1 e4 55. g4 hxg4 56. hxg4 Ke2 57. Kg3 Kd1 58. Be3 c1=Q 59. Bxc1
Kxc1 60. Kf4 Kb2 61. g5 Kxa3 62. g6 Kb2 63. g7 a3 64. g8=Q a2 65. Qg7+ Kb1 66.
Qb7+ Kc1 67. Qc6+ Kb2 68. Qb5+ Ka1 69. Qb3 e3 70. Qc2 e2 71. Qc1# 1-0

[Event "SV Unser Fritz 1 - SC Listiger Bauer Es"]
[Site "Verbandsklasse, Gruppe 3 2017"]
[Date "2018.04.29"]
[Round "9.6"]
[White "Tober, Julian"]
[Black "Mandl, Stefan"]
[Result "0-1"]
[WhiteElo "1764"]
[BlackElo "1933"]
[PlyCount "72"]
[EventDate "2018.??.??"]

1. e4 c5 2. Nf3 d6 3. d4 cxd4 4. Nxd4 Nf6 5. Nc3 a6 6. Be3 e5 7. Nb3 Be6 8. Be2
Be7 9. Nd5 Bxd5 10. exd5 O-O 11. O-O Qc7 12. c4 Nbd7 13. Rc1 b6 14. Nd2 a5 15.
f4 exf4 16. Bxf4 Rfe8 17. Kh1 Nc5 18. Rc3 Nfe4 19. Nxe4 Nxe4 20. Re3 Bf6 21.
Bd3 Nc5 22. Rh3 g6 23. b3 Qe7 24. Bc2 Bg5 25. Re3 Qf6 26. Ref3 Ra7 27. Bd2 Qd8
28. Bc3 Ne4 29. Bxe4 Rxe4 30. Bf6 Bxf6 31. Rxf6 Rae7 32. Qf3 Re1 33. Qc3 R7e3
34. Qd2 R3e2 35. Qf4 Rxf1+ 36. Qxf1 Qxf6 0-1

[Event "SV Unser Fritz 1 - SC Listiger Bauer Es"]
[Site "Verbandsklasse, Gruppe 3 2017"]
[Date "2018.04.29"]
[Round "9.7"]
[White "Petri, Norbert"]
[Black "Prang, Andreas"]
[Result "0-1"]
[WhiteElo "1864"]
[BlackElo "1796"]
[PlyCount "58"]
[EventDate "2018.??.??"]

1. c4 e5 2. Nc3 Nc6 3. g3 Bc5 4. Bg2 a6 5. e3 Ba7 6. Nge2 d6 7. O-O h5 8. d4
Bd7 9. a3 h4 10. b4 hxg3 11. hxg3 Qg5 12. f4 Qg6 13. c5 Nh6 14. Ne4 Ng4 15. Nf2
Nh2 16. Re1 Bg4 17. Nxg4 Qxg4 18. Kf2 Qg6 19. Rh1 Ng4+ 20. Kg1 Rxh1+ 21. Bxh1
Qh5 22. Bg2 Qh2+ 23. Kf1 O-O-O 24. Qd3 g6 25. b5 axb5 26. Qxb5 dxc5 27. Rb1 Bb6
28. fxe5 cxd4 29. exd4 Nxd4 0-1

[Event "SV Unser Fritz 1 - SC Listiger Bauer Es"]
[Site "Verbandsklasse, Gruppe 3 2017"]
[Date "2018.04.29"]
[Round "9.8"]
[White "Elsner, Mario"]
[Black "Jondral, Luis"]
[Result "1-0"]
[WhiteElo "1794"]
[BlackElo "1637"]
[PlyCount "87"]
[EventDate "2018.??.??"]

1. Nf3 c5 2. g3 d5 3. Bg2 Nc6 4. O-O e5 5. d3 Nf6 6. Nbd2 Be7 7. e4 dxe4 8.
dxe4 O-O 9. c3 Qc7 10. Qc2 b6 11. Rd1 Ba6 12. Bf1 Bb7 13. Nc4 Rad8 14. Bg5 h6
15. Bxf6 Bxf6 16. Ne3 Ne7 17. a4 Qc6 18. Bd3 a6 19. Nc4 Qc7 20. b3 Rd7 21. Qe2
Rfd8 22. a5 b5 23. Nb6 Rd6 24. c4 b4 25. h4 Bc6 26. Qe3 Bb7 27. Kh2 Qc6 28. g4
g5 29. hxg5 hxg5 30. Kg3 Ng6 31. Nd5 Nf4 32. Nxe5 Nxd5 33. exd5 Qc7 34. Qe4
R6d7 35. Qh7+ Kf8 36. Qh6+ Bg7 37. d6 Bxh6 38. dxc7 Rxc7 39. Bf5 Re8 40. Nd7+
Kg7 41. Rd6 Re7 42. Nf6 Rc6 43. Rad1 Rec7 44. Ne8+ 1-0

[Event "SVG Marten-Bövinghausen 1 - Weiße Dame "]
[Site "Stichkampf Bezirkszweite 2017"]
[Date "2018.06.10"]
[Round "2.1"]
[White "Klasmeier, Hartmut"]
[Black "Hellwig, Thomas"]
[Result "1/2-1/2"]
[WhiteElo "1875"]
[BlackElo "1892"]
[PlyCount "80"]
[EventDate "2018.??.??"]

1. e4 c5 2. Bc4 d6 3. Nf3 Nf6 4. Nc3 g6 5. O-O Bg7 6. d3 O-O 7. h3 Nc6 8. a3 a6
9. a4 Nd7 10. Bg5 Nde5 11. Nxe5 Nxe5 12. Ba2 Be6 13. Nd5 Bxd5 14. Bxd5 Qd7 15.
f4 Nc6 16. c3 e6 17. Ba2 Kh8 18. f5 exf5 19. exf5 gxf5 20. Qh5 Ne5 21. Bb1 f6
22. Be3 Qf7 23. Qxf5 Qg6 24. Qf4 Qg5 25. Qxg5 fxg5 26. Bxg5 Nc6 27. Bc2 b5 28.
Rxf8+ Rxf8 29. axb5 axb5 30. Ra6 Rc8 31. Bf4 b4 32. Ba4 Ne5 33. Rxd6 c4 34.
dxc4 bxc3 35. bxc3 Nxc4 36. Rc6 Rxc6 37. Bxc6 Bxc3 38. Kf2 Bd4+ 39. Kg3 Kg7 40.
Kh4 Ne5 1/2-1/2

[Event "SVG Marten-Bövinghausen 1 - Weiße Dame "]
[Site "Stichkampf Bezirkszweite 2017"]
[Date "2018.06.10"]
[Round "2.2"]
[White "Gielisch, Eckhart"]
[Black "Kalkhoff, Thomas"]
[Result "1-0"]
[WhiteElo "1753"]
[BlackElo "1801"]
[PlyCount "71"]
[EventDate "2018.??.??"]

1. d4 d5 2. c4 e6 3. Nc3 c5 4. cxd5 exd5 5. Nf3 Nc6 6. g3 Nf6 7. Bg2 Be7 8. O-O
O-O 9. Bf4 Bg4 10. dxc5 d4 11. Na4 Qd7 12. a3 Rad8 13. b4 Nd5 14. Ne5 Nxe5 15.
Bxe5 Bh3 16. Nb2 Bxg2 17. Kxg2 Nc3 18. Qb3 Qc6+ 19. f3 Bf6 20. Bxf6 Qxf6 21.
Rfe1 Rfe8 22. Qc2 Nd5 23. Nc4 Re3 24. Qd2 Rc3 25. Nd6 Ne3+ 26. Kh1 Rc2 27. Qd3
b6 28. Rac1 Ra2 29. Qb3 Rxe2 30. f4 Rxe1+ 31. Rxe1 bxc5 32. bxc5 Qe7 33. Kg1
Qc7 34. Qb7 Qxc5 35. Qxf7+ Kh8 36. Ne8 1-0

[Event "SVG Marten-Bövinghausen 1 - Weiße Dame "]
[Site "Stichkampf Bezirkszweite 2017"]
[Date "2018.06.10"]
[Round "2.3"]
[White "Isdepski, Markus"]
[Black "Schulte, Eduard"]
[Result "1-0"]
[WhiteElo "1842"]
[BlackElo "1752"]
[Annotator "Daniel"]
[PlyCount "66"]
[EventDate "2018.??.??"]

1. d4 d5 2. Nf3 c6 3. g3 Bg4 4. Bg2 Bxf3 5. Bxf3 f5 6. Qd3 e6 7. Qb3 Qd7 8. Bf4
b6 9. c4 Bd6 10. Bxd6 Qxd6 11. cxd5 cxd5 12. Nc3 Nf6 13. Nb5 Qc6 14. O-O Qd7
15. Rfc1 Nc6 16. Qa3 Kf7 17. Qd6 Ne7 18. Qxd7 Nxd7 19. Rc7 Nb8 20. Rxa7 Rxa7
21. Nxa7 Nbc6 22. Nxc6 Nxc6 23. e3 Ke7 24. Rc1 Kd6 25. Be2 g5 26. f4 g4 27. h4
Na7 28. Rc3 Rc8 29. Ra3 Rc7 30. Kf2 Kc6 31. Ke1 Nc8 32. Rc3+ Kd6 33. Rb3 Kc6 {
Rest nicht nachvollziehbar} 1-0

[Event "SVG Marten-Bövinghausen 1 - Weiße Dame "]
[Site "Stichkampf Bezirkszweite 2017"]
[Date "2018.06.10"]
[Round "2.4"]
[White "Davydov, Boris"]
[Black "Kalkhoff, Andreas"]
[Result "1/2-1/2"]
[WhiteElo "1706"]
[BlackElo "1793"]
[PlyCount "110"]
[EventDate "2018.??.??"]

1. d4 Nf6 2. c4 e6 3. Nf3 d5 4. Nc3 Be7 5. Bg5 Nbd7 6. e3 h6 7. Bh4 O-O 8. Rc1
c5 9. dxc5 g5 10. Bg3 Nxc5 11. cxd5 exd5 12. Be2 a6 13. Nd4 Re8 14. h3 Nce4 15.
Nxe4 Nxe4 16. O-O Bd6 17. Bxd6 Qxd6 18. a3 Bd7 19. Bf3 Nf6 20. Qe2 Rac8 21.
Rfd1 Rc7 22. Rxc7 Qxc7 23. Rd3 Rc8 24. Rc3 Qd8 25. Rxc8 Qxc8 26. Qc2 Qxc2 27.
Nxc2 Kf8 28. Nb4 Be6 29. Kf1 Ke7 30. Ke2 Kd6 31. Nd3 h5 32. Kd2 g4 33. hxg4
hxg4 34. Bd1 Ne4+ 35. Ke1 Nc5 36. Kd2 Ne4+ 37. Ke1 Bd7 38. f3 gxf3 39. gxf3 Nc5
40. Kd2 a5 41. Nxc5 Kxc5 42. Kc3 a4 43. b4+ axb3 44. Bxb3 Bb5 45. Bd1 Bc6 46.
Bc2 Bb5 47. Bd1 Bc4 48. f4 Bb5 49. Bh5 f6 50. Bd1 Bd7 51. Bc2 Bg4 52. Bb3 Be2
53. Bc2 Bf3 54. Bb3 Be4 55. Bd1 Bf5 1/2-1/2

[Event "SVG Marten-Bövinghausen 1 - Weiße Dame "]
[Site "Stichkampf Bezirkszweite 2017"]
[Date "2018.06.10"]
[Round "2.5"]
[White "Dippel, Olaf"]
[Black "Schulte, Hubert"]
[Result "1/2-1/2"]
[WhiteElo "1700"]
[BlackElo "1682"]
[Annotator "Daniel"]
[PlyCount "60"]
[EventDate "2018.??.??"]

1. d4 d5 2. c4 e6 3. Nc3 c5 4. cxd5 exd5 5. e3 c4 6. g3 Bb4 7. Bg2 Bf5 8. Bd2
Bxc3 9. Bxc3 Nc6 10. Ne2 Nf6 11. O-O O-O 12. Bd2 b5 13. b3 Qd6 14. bxc4 bxc4
15. Nc3 Rab8 16. e4 dxe4 17. Bf4 Qxd4 18. Qxd4 Nxd4 19. Bxb8 Rxb8 20. Rab1 Rc8
21. Rb7 h6 22. Rxa7 Nf3+ 23. Bxf3 exf3 24. h4 Rd8 25. Rd1 Bd3 26. Re1 Rb8 27.
a4 Rb3 28. Nb5 Ng4 29. Nd4 Rb2 30. Nxf3 Nxf2 {Rest nicht nachvollziehbar!}
1/2-1/2

[Event "SVG Marten-Bövinghausen 1 - Weiße Dame "]
[Site "Stichkampf Bezirkszweite 2017"]
[Date "2018.06.10"]
[Round "2.6"]
[White "Boxberg, Marc"]
[Black "Sanders, Cedric"]
[Result "1-0"]
[WhiteElo "1761"]
[BlackElo "1717"]
[PlyCount "35"]
[EventDate "2018.??.??"]

1. e4 e5 2. Nf3 Nc6 3. Bc4 Bc5 4. d3 h6 5. O-O d6 6. Be3 Bxe3 7. fxe3 Bg4 8.
Bxf7+ Ke7 9. h3 Nf6 10. Bg6 Bxf3 11. Qxf3 h5 12. Nc3 Qg8 13. Nd5+ Nxd5 14. exd5
Nb4 15. Qf7+ Kd8 16. e4 Rc8 17. Rf2 c5 18. Qxb7 1-0

[Event "SVG Marten-Bövinghausen 1 - Weiße Dame "]
[Site "Stichkampf Bezirkszweite 2017"]
[Date "2018.06.10"]
[Round "2.7"]
[White "Fieblinger, Bodo"]
[Black "Ziemek, Gerhard"]
[Result "1-0"]
[WhiteElo "1735"]
[BlackElo "1598"]
[PlyCount "86"]
[EventDate "2018.??.??"]

1. e4 e5 2. Nf3 Nc6 3. Bb5 Nd4 4. Nxd4 exd4 5. c3 Qg5 6. Bf1 Bc5 7. d3 Qf6 8.
c4 c6 9. Nd2 Ne7 10. Nb3 Bb6 11. Be2 d5 12. cxd5 cxd5 13. exd5 Nxd5 14. Bf3 Be6
15. O-O O-O 16. Nd2 Rac8 17. Ne4 Qd8 18. Bg5 Qd7 19. a3 f5 20. Ng3 f4 21. Ne2
Qd6 22. Bxd5 Bxd5 23. f3 Rce8 24. Bh4 Qg6 25. Kh1 Re3 26. Nc1 Qh5 27. Be1 Rfe8
28. Bd2 R3e6 29. Bxf4 g5 30. Bg3 Rf8 31. Kg1 Re3 32. Be1 Rexf3 33. Rxf3 Bxf3
34. Qd2 Bd5 35. Ne2 Bc7 36. Bg3 h6 37. Bxc7 Bxg2 38. Ng3 Qf7 39. Qxg2 Qxc7 40.
Qd5+ Kg7 41. Qxd4+ Kg6 42. Re1 Rf6 43. Qe4+ Kg7 1-0

[Event "SVG Marten-Bövinghausen 1 - Weiße Dame "]
[Site "Stichkampf Bezirkszweite 2017"]
[Date "2018.06.10"]
[Round "2.8"]
[White "Wiebesiek, Michael"]
[Black "Thieme, Guenter"]
[Result "1/2-1/2"]
[WhiteElo "1516"]
[BlackElo "1586"]
[PlyCount "41"]
[EventDate "2018.??.??"]

1. d4 d5 2. Nf3 Nf6 3. e3 e6 4. c4 Be7 5. Nc3 O-O 6. a3 Nbd7 7. cxd5 exd5 8.
Bd3 c6 9. O-O Re8 10. Qc2 Nf8 11. Ne5 Bd6 12. f4 N6d7 13. Qf2 f6 14. Nf3 Nb6
15. e4 dxe4 16. Bxe4 Be6 17. Rd1 Qc7 18. g3 Rad8 19. Be3 Bf7 20. d5 cxd5 21.
Nxd5 1/2-1/2

[Event "SV Unna 1 - Weiße Dame Borbeck 2"]
[Site "Stichkampf Bezirkszweite 2017"]
[Date "2018.06.24"]
[Round "3.1"]
[White "Klasmeier, Hartmut"]
[Black "Grube, Frank"]
[Result "1-0"]
[WhiteElo "1875"]
[BlackElo "1818"]
[PlyCount "65"]
[EventDate "2018.??.??"]

1. e4 g6 2. d4 Bg7 3. Bc4 c5 4. c3 cxd4 5. cxd4 Nc6 6. Nf3 d6 7. O-O Nf6 8. Nc3
Bg4 9. Be3 O-O 10. h3 Bxf3 11. Qxf3 Rc8 12. Bb3 Nd7 13. Rad1 Na5 14. Bc2 Nc4
15. Bc1 Qa5 16. Bb3 e6 17. Qg3 Rfd8 18. Bxc4 Rxc4 19. Qxd6 Nc5 20. Qe7 Rcxd4
21. Rxd4 Rxd4 22. Be3 Bf8 23. Qg5 Qd8 24. Qe5 Rc4 25. Rd1 Qc8 26. Bd4 Rxd4 27.
Qxd4 Qc6 28. e5 Na6 29. a3 Bc5 30. Qd8+ Kg7 31. Qf6+ Kg8 32. Rd8+ Bf8 33. Qe7
1-0

[Event "SV Unna 1 - Weiße Dame Borbeck 2"]
[Site "Stichkampf Bezirkszweite 2017"]
[Date "2018.06.24"]
[Round "3.2"]
[White "Barskij, Aleksandr"]
[Black "Kalkhoff, Thomas"]
[Result "1-0"]
[WhiteElo "1832"]
[BlackElo "1801"]
[PlyCount "109"]
[EventDate "2018.??.??"]

1. e4 Nc6 2. Nf3 f5 3. exf5 d5 4. d4 Bxf5 5. Bb5 Nf6 6. Ne5 Bd7 7. Bxc6 bxc6 8.
O-O e6 9. Re1 Be7 10. Qe2 O-O 11. Nxc6 Bxc6 12. Qxe6+ Rf7 13. Qxc6 Bd6 14. Bg5
Rb8 15. Nd2 Bxh2+ 16. Kxh2 Ng4+ 17. Kg3 Qxg5 18. Re8+ Rxe8 19. Qxe8+ Rf8 20.
Qe6+ Kh8 21. Qxg4 Qxd2 22. f3 Re8 23. Rh1 Qxc2 24. Re1 Qc6 25. Qf5 Qd6+ 26. Kf2
Rf8 27. Qe5 Qd8 28. Qe7 h6 29. Qxd8 Rxd8 30. Re7 Rc8 31. Rd7 c5 32. Ke2 Re8+
33. Kd3 c4+ 34. Kd2 Rb8 35. Kc3 Rb5 36. Rxa7 Kh7 37. Rc7 Kg6 38. Rc5 Rb7 39.
Rxd5 Kf6 40. Rc5 Ra7 41. Kxc4 Rxa2 42. Rb5 Ra1 43. Re5 Rc1+ 44. Kd3 Rd1+ 45.
Kc3 Rc1+ 46. Kd2 Rg1 47. Re2 h5 48. d5 Ra1 49. Kc3 g5 50. d6 Rd1 51. Rd2 Rc1+
52. Kb4 Rc8 53. d7 Rd8 54. Kc5 Ke7 55. Kc6 1-0

[Event "SV Unna 1 - Weiße Dame Borbeck 2"]
[Site "Stichkampf Bezirkszweite 2017"]
[Date "2018.06.24"]
[Round "3.3"]
[White "Solberg, Kirsten"]
[Black "Isdepski, Marcus"]
[Result "1/2-1/2"]
[WhiteElo "1832"]
[BlackElo "1833"]
[PlyCount "55"]
[EventDate "2018.??.??"]

1. c4 c5 2. Nc3 e6 3. g3 Nf6 4. Bg2 Nc6 5. Nf3 Be7 6. O-O d5 7. cxd5 exd5 8. d4
cxd4 9. Nxd4 O-O 10. h3 Re8 11. b3 Qa5 12. Bb2 Nxd4 13. Qxd4 Bc5 14. Qa4 Qxa4
15. Nxa4 Bb4 16. e3 Be6 17. Nc3 Rac8 18. Rac1 a6 19. Rfd1 Bxc3 20. Bxc3 Ne4 21.
Bd4 f6 22. Kf1 Nd6 23. Bb2 Ne4 24. g4 Kf7 25. f3 Nd6 26. Ke2 g6 27. Rxc8 Rxc8
28. Rc1 1/2-1/2

[Event "SV Unna 1 - Weiße Dame Borbeck 2"]
[Site "Stichkampf Bezirkszweite 2017"]
[Date "2018.06.24"]
[Round "3.4"]
[White "Vleeming, Vincent"]
[Black "Kalkhoff, Andreas"]
[Result "1-0"]
[WhiteElo "1890"]
[BlackElo "1793"]
[PlyCount "85"]
[EventDate "2018.??.??"]

1. d4 Nf6 2. Nf3 d5 3. c4 e6 4. Nc3 Nbd7 5. e3 g6 6. Bd3 Bg7 7. O-O O-O 8. b3
b6 9. Bb2 Bb7 10. Rc1 a6 11. Qe2 Qe7 12. e4 dxe4 13. Nxe4 Bxe4 14. Bxe4 Nxe4
15. Qxe4 c5 16. Rcd1 cxd4 17. Bxd4 Nc5 18. Qe3 Bxd4 19. Rxd4 Rfd8 20. Rfd1 Rxd4
21. Qxd4 Re8 22. Qd6 b5 23. Qxe7 Rxe7 24. cxb5 axb5 25. Kf1 Ra7 26. Rd2 Ne4 27.
Rc2 Kf8 28. Nd4 Nd6 29. Ke2 Ke8 30. Kd3 Kd7 31. f4 Rc7 32. Rxc7+ Kxc7 33. Kc3
Kb6 34. Kb4 h6 35. a4 bxa4 36. bxa4 Nb7 37. Nb3 f6 38. a5+ Ka7 39. Nc5 Nxa5 40.
Kxa5 e5 41. fxe5 fxe5 42. Kb5 g5 43. Kc6 1-0

[Event "SV Unna 1 - Weiße Dame Borbeck 2"]
[Site "Stichkampf Bezirkszweite 2017"]
[Date "2018.06.24"]
[Round "3.6"]
[White "Reininghaus, Dennis"]
[Black "Sanders, Cedric"]
[Result "0-1"]
[WhiteElo "1762"]
[BlackElo "1717"]
[PlyCount "72"]
[EventDate "2018.??.??"]

1. d4 Nf6 2. Nf3 g6 3. Bf4 Bg7 4. e3 d6 5. Be2 O-O 6. h3 b6 7. Nbd2 Bb7 8. c3
Nbd7 9. O-O c5 10. Qb3 Qc7 11. Rac1 a6 12. a4 Qc6 13. Ne1 e5 14. dxe5 dxe5 15.
Bh2 Rad8 16. Qc2 Rfe8 17. Bf3 e4 18. Be2 Ne5 19. Nc4 Nxc4 20. Bxc4 Nd7 21. Qb3
Rf8 22. Rd1 Be5 23. Bxf7+ Kg7 24. Bc4 Bxh2+ 25. Kxh2 Ne5 26. Rxd8 Rxd8 27. f4
exf3 28. gxf3 Rd2+ 29. Kg3 Qf6 30. f4 h5 31. h4 Qf5 32. Be6 Qe4 33. fxe5 Qxe3+
34. Nf3 Bxf3 35. Rxf3 Qxe5+ 36. Rf4 Rd3+ 0-1

[Event "SV Unna 1 - Weiße Dame Borbeck 2"]
[Site "Stichkampf Bezirkszweite 2017"]
[Date "2018.06.24"]
[Round "3.7"]
[White "Fieblinger, Bodo"]
[Black "Eichhorn, Robin"]
[Result "0-1"]
[WhiteElo "1735"]
[BlackElo "1798"]
[PlyCount "82"]
[EventDate "2018.??.??"]

1. e4 d6 2. d4 g6 3. Nf3 Bg7 4. c3 Nf6 5. Bd3 O-O 6. Nbd2 Nbd7 7. Nf1 c5 8. d5
a6 9. Ng3 b5 10. O-O c4 11. Bc2 a5 12. Nd4 Qb6 13. Be3 Nc5 14. h3 e6 15. dxe6
fxe6 16. Qe2 e5 17. Nf3 Qc6 18. Bg5 Bb7 19. Rfe1 h6 20. Bxf6 Rxf6 21. Rad1 Raf8
22. Rf1 Ne6 23. Nh2 h5 24. Qd2 Nf4 25. f3 Bh6 26. Qe1 Qb6+ 27. Kh1 b4 28. b3
Kg7 29. bxc4 Ba6 30. cxb4 Bxc4 31. bxa5 Qc5 32. Rf2 Rb8 33. Bb3 Nd3 34. Rxd3
Bxd3 35. Nhf1 Ra8 36. Bd5 Rxa5 37. Rb2 Rb5 38. Rxb5 Bxb5 39. Qb1 h4 40. a4 Ba6
41. Qb8 Rf8 0-1

[Event "SV Unna 1 - Weiße Dame Borbeck 2"]
[Site "Stichkampf Bezirkszweite 2017"]
[Date "2018.06.24"]
[Round "3.8"]
[White "Bertschik, Jonas"]
[Black "Thieme, Guenter"]
[Result "1-0"]
[WhiteElo "1702"]
[BlackElo "1586"]
[PlyCount "113"]
[EventDate "2018.??.??"]

1. d4 d5 2. Nf3 Nf6 3. Bf4 e6 4. e3 Bd6 5. Bxd6 Qxd6 6. Nbd2 Nbd7 7. Bd3 e5 8.
dxe5 Nxe5 9. Nxe5 Qxe5 10. c3 O-O 11. O-O c6 12. Nf3 Qc7 13. Qc2 h6 14. h3 Re8
15. Rac1 Be6 16. Rfe1 Rad8 17. c4 dxc4 18. Bxc4 Bxc4 19. Qxc4 Rd7 20. b4 Qb6
21. a3 Ne4 22. Red1 Qd8 23. Qc2 Nf6 24. Rxd7 Qxd7 25. Rd1 Qe7 26. Qd3 Rc8 27.
Qd6 Qxd6 28. Rxd6 Kf8 29. Nd4 Rc7 30. Nf5 Rd7 31. f3 Rxd6 32. Nxd6 Nd5 33. e4
Ne3 34. Nxb7 Nc2 35. Na5 Nxa3 36. Nxc6 Nb5 37. Kf2 Ke8 38. Ke3 Kd7 39. Nd4 Nd6
40. Kd3 f6 41. f4 Nf7 42. Nf5 g6 43. Nd4 g5 44. g3 h5 45. h4 gxh4 46. gxh4 Nh8
47. f5 Nf7 48. Ne6 Ne5+ 49. Ke3 Kc6 50. Nf4 Kb5 51. Nd5 Nc6 52. Nxf6 Kxb4 53.
Nd5+ Kb3 54. f6 Ne5 55. Kf4 Nf7 56. e5 a5 57. Nb6 1-0